Modern electronic communication (Record no. 5079)

MARC details
000 -LEADER
fixed length control field 00567nam a2200181Ia 4500
003 - CONTROL NUMBER IDENTIFIER
control field SGT
020 ## - INTERNATIONAL STANDARD BOOK NUMBER
International Standard Book Number 9788120330450
082 ## - DEWEY DECIMAL CLASSIFICATION NUMBER
Classification number 621.382
Item number BEA
100 ## - MAIN ENTRY--PERSONAL NAME
Personal name Beasley,Jeffrey S
245 ## - TITLE STATEMENT
Title Modern electronic communication
250 ## - EDITION STATEMENT
Edition statement 8th Ed.
260 ## - PUBLICATION, DISTRIBUTION, ETC. (IMPRINT)
Name of publisher, distributor, etc PHI Learning Private Limited
Place of publication, distribution, etc New Delhi
Year of Publication 2005
300 ## - PAGE DESCRIPTION
No. of Pages 923p.
650 ## - SUBJECT ADDED ENTRY--TOPICAL TERM
Topical term or geographic name as entry element ELECTRONICS
653 ## - KEYWORDS--INDEX TERM
Keyword term INTRODUCTORY TOPICS, AMPLITUDE MODULATION TRANSMISSION, AMPLITUDE MODULATION RECEPTION, SINGLE SIDEBAND COMMUNICATION, WIRED DIGITAL COMMUNICATIONS
700 ## - ADDED ENTRY--PERSONAL NAME
Personal name Miller,Gary M
942 ## - ADDED ENTRY ELEMENTS (KOHA)
Source of classification or shelving scheme Dewey Decimal Classification
Koha item type Books
Holdings
Withdrawn status Lost status Source of classification or shelving scheme Damaged status Not for loan Home library Current library Date acquired SGTU Total Checkouts Full call number Accession No. (Barcode) Date last seen Bill Date Koha item type
    Dewey Decimal Classification     SGT Engineering Library SGT Engineering Library 14/05/2010 SGTU   621.382 BEA FE2466 08/02/2021 09/02/2015 Books
    Dewey Decimal Classification     SGT Engineering Library SGT Engineering Library 14/05/2010 SGTU   621.382 BEA FE2467 09/02/2015 09/02/2015 Books
    Dewey Decimal Classification     SGT Engineering Library SGT Engineering Library 14/05/2010 SGTU   621.382 BEA FE2468 09/02/2015 09/02/2015 Books
    Dewey Decimal Classification     SGT Engineering Library SGT Engineering Library 06/09/2012 SGTU   621.382 BEA FE5361 09/02/2015 09/02/2015 Books
    Dewey Decimal Classification     SGT Engineering Library SGT Engineering Library 06/09/2012 SGTU   621.382 BEA FE5362 09/02/2015 09/02/2015 Books